Paroles - Heureux qui comme Ulysse - Ridan - Statistiques

Statistiques générales
  • Ce quiz a été pris 472 fois
  • Le résultat moyen est 206 sur 312
Statistiques - réponses
Réponse % Correct
comme
99%
Heureux
99%
qui
99%
Qui
99%
Ulysse
99%
a
98%
à
98%
un
97%
voyage
97%
fait
96%
Et
93%
et
93%
la
93%
de
89%
De
89%
toison
88%
beau
86%
ma
86%
conquit
85%
Mais
85%
mon
85%
petit
85%
qu'à
85%
Quand
85%
quand
85%
(Quand
85%
village
85%
en
84%
le
82%
cheminée
81%
saison
81%
(saison)
81%
Que
80%
que
80%
Fumer
78%
quelle
78%
Ou
76%
76%
raison
75%
reverrai-je
74%
(Reverrai-je
74%
reverrai-je)
74%
Reverrai-je
74%
son
74%
plein
73%
puis
72%
ses
72%
reste
70%
âge
69%
cestui-là
69%
d'usage
69%
est
68%
parents
67%
entre
63%
retourné
63%
Vivre
63%
maison
59%
me
56%
hélas
53%
mes
49%
pauvre
49%
Plus
49%
plus
49%
une
49%
mont
48%
Palatin
46%
douceur
44%
Angevine
42%
davantage
42%
les
42%
beaucoup
41%
bon
41%
clos?)
40%
clos
40%
des
40%
l'air
40%
marin,
40%
plaît
40%
province
40%
Latin
39%
fine
38%
l'ardoise
38%
Tibre
38%
bâti
37%
m'est
37%
aïeux
36%
marbre
35%
audacieux
34%
front
34%
qu'ont
34%
palais
33%
Romains
33%
Liré
32%
dur
31%
Gaulois
31%
ne
31%
séjour
31%
dans
28%
Loire
28%
il
27%
J'ai
27%
Pour
27%
bras
26%
force
26%
sirènes
25%
leur
24%
mers
24%
jamais
23%
traversé
23%
voix
23%
entendre
22%
Nos
22%
nos
22%
nous
22%
d'or
21%
contre
20%
eau
20%
pas
20%
perdu
20%
Seul
20%
sont
20%
dieux
19%
percés
19%
tient
19%
vieux
19%
cette
18%
toute
18%
tympans
18%
chemins
17%
dort
17%
guerre
17%
vies
17%
cale
16%
choix
16%
pavés
16%
soucier
16%
méfier
15%
Retranché
15%
pollue
14%
soi-disant
14%
sorts,
14%
trouver
14%
marais
13%
Aucun quiz correspondant
Distribution des résultats
% des personnes avec chaque résultat
Percentile par nombre de réponses
Votre historique - résultats
Vous n’avez pas pris ce quiz